Statistics for Top 15 Countries with Covid-19 Deaths - 8 December 2021

Click here to take the quiz!

General Stats

  • This quiz has been taken 27 times
  • The average score is 14 of 27

Answer Stats

country% Correct
United States
96%
France
93%
India
93%
Italy
89%
United Kingdom
89%
Brazil
81%
Germany
81%
Russia
81%
Mexico
67%
Argentina
63%
Indonesia
56%
South Africa
56%
Colombia
52%
Peru
52%
Hungary
44%
Romania
44%
Iran
41%
Croatia
33%
Slovakia
30%
Slovenia
30%
Bulgaria
26%
Czechia
26%
North Macedonia
26%
Bosnia and
Herzegovina
22%
Lithuania
22%
Armenia
11%
Georgia
11%

Score Distribution

Percentile by Number Answered

Percent of People with Each Score

Your Score History

You have not taken this quiz